[Event "Plovdiv ChessBomb op 2nd"]
[Site "Plovdiv"]
[Date "2016.07.13"]
[Round "2"]
[White "Kichukov, Milko"]
[Black "Mishev, Liubomir"]
[Result "0-1"]
[WhiteElo "1798"]
[BlackElo "2168"]
[PlyCount "124"]
[EventDate "2016.07.12"]
[EventType "swiss"]
[EventRounds "7"]
[EventCountry "BUL"]
[SourceTitle "CBM 173 Extra"]
[Source "ChessBase"]
[SourceDate "2016.08.29"]
[SourceVersion "1"]
[SourceVersionDate "2016.08.29"]
[SourceQuality "1"]

1. e4 c5 2. Nf3 e6 3. d4 cxd4 4. Nxd4 a6 5. a3 Nf6 6. Nc3 Qc7 7. Bd3 Be7 8. 0-0 d6 9. Kh1 b6 10. f4 Bb7 11. Bd2 Nbd7 12. b4 h5 13. Qe2 g6 14. Nf3 Ng4 15. Rae1 Bf6 16. Nd1 b5 17. c4 bxc4 18. Bxc4 Nb6 19. Bb3 Bc6 20. Bc2 d5 21. e5 Be7 22. Bd3 Qb7 23. Nd4 Bd7 24. Nb2 Nh6 25. Rc1 Kf8 26. Rc2 Kg7 27. Rfc1 Rhc8 28. h3 h4 29. Qe3 Rxc2 30. Rxc2 Rh8 31. Qe2 Ra8 32. Qe3 Rh8 33. Qe2 Ra8 34. Qe3 Nf5 35. Bxf5 gxf5 36. Be1 Rc8 37. Rxc8 Qxc8 38. Nxf5+ exf5 39. Qxb6 Qc1 40. Qf2 Bb5 41. Qd2 Qa1 42. a4 Bxa4 43. Nxa4 Qxa4 44. Kh2 Qb3 45. Qc3 Qc4 46. Qxc4 dxc4 47. Kg1 f6 48. Kf2 fxe5 49. fxe5 Bg5 50. Ke2 Kf7 51. Kd1 Ke6 52. Kc2 Kxe5 53. Kc3 Kd5 54. Bf2 Bf6+ 55. Kc2 Ke4 56. g3 Kf3 57. Bc5 Kxg3 58. Kd2 Kxh3 59. Ke3 Kg2 60. Bd6 h3 61. Bc7 Bc3 62. Bd6 Bxb4 0-1

[Event "Plovdiv ChessBomb op 2nd"]
[Site "Plovdiv"]
[Date "2016.07.13"]
[Round "3"]
[White "Stoyanov, Plamen"]
[Black "Kichukov, Milko"]
[Result "0-1"]
[WhiteElo "1256"]
[BlackElo "1798"]
[PlyCount "40"]
[EventDate "2016.07.12"]
[EventType "swiss"]
[EventRounds "7"]
[EventCountry "BUL"]
[SourceTitle "CBM 173 Extra"]
[Source "ChessBase"]
[SourceDate "2016.08.29"]
[SourceVersion "1"]
[SourceVersionDate "2016.08.29"]
[SourceQuality "1"]

1. d4 d5 2. Nf3 Nf6 3. c4 e6 4. Nc3 Be7 5. e3 0-0 6. Bd3 dxc4 7. Bxc4 b6 8. 0-0 Bb7 9. Re1 Bb4 10. a3 Bxc3 11. bxc3 Ne4 12. Bb2 Nd7 13. Nd2 Nxd2 14. Qxd2 Qg5 15. g3 Nf6 16. f4 Qh5 17. Be2 Qd5 18. Bf1 Qh1+ 19. Kf2 Qxh2+ 20. Bg2 Qxg2# 0-1

[Event "BUL-ch sf 80th"]
[Site "Plovdiv"]
[Date "2016.02.13"]
[Round "8"]
[White "Kichukov, Milko"]
[Black "Galunova, Tsveta"]
[Result "0-1"]
[WhiteElo "1823"]
[BlackElo "2169"]
[PlyCount "62"]
[EventDate "2016.02.08"]
[EventType "swiss"]
[EventRounds "9"]
[EventCountry "BUL"]
[SourceTitle "CBM 170 Extra"]
[Source "ChessBase"]
[SourceDate "2016.02.25"]
[SourceVersion "1"]
[SourceVersionDate "2016.02.25"]
[SourceQuality "1"]

1. e4 e5 2. Nf3 Nc6 3. c3 Nf6 4. d4 exd4 5. e5 Nd5 6. Bb5 a6 7. Ba4 Nb6 8. cxd4 Nxa4 9. Qxa4 d5 10. h3 Be7 11. a3 0-0 12. 0-0 f6 13. Nc3 fxe5 14. Nxe5 Nxe5 15. dxe5 c5 16. Rd1 d4 17. Qb3+ Kh8 18. Ne4 b5 19. Qd3 Bb7 20. f4 Qd5 21. Re1 c4 22. Qg3 a5 23. Bd2 b4 24. Rad1 Rad8 25. axb4 axb4 26. Ra1 c3 27. Bc1 d3 28. bxc3 bxc3 29. Rb1 d2 30. Bxd2 cxd2 31. Nxd2 Bh4 0-1

[Event "BUL-ch sf 80th"]
[Site "Plovdiv"]
[Date "2016.02.12"]
[Round "7"]
[White "Kozhuharov, Spas"]
[Black "Kichukov, Milko"]
[Result "1-0"]
[WhiteElo "2472"]
[BlackElo "1823"]
[PlyCount "56"]
[EventDate "2016.02.08"]
[EventType "swiss"]
[EventRounds "9"]
[EventCountry "BUL"]
[SourceTitle "CBM 170 Extra"]
[Source "ChessBase"]
[SourceDate "2016.02.25"]
[SourceVersion "1"]
[SourceVersionDate "2016.02.25"]
[SourceQuality "1"]

1. e4 e5 2. Nf3 Nc6 3. Bb5 f5 4. Bxc6 dxc6 5. Nc3 Nf6 6. Qe2 fxe4 7. Nxe4 Bg4 8. h3 Bxf3 9. Qxf3 Nxe4 10. Qxe4 Qd5 11. d3 Qxe4+ 12. dxe4 Bc5 13. Ke2 0-0 14. f3 Rad8 15. Bg5 Rd7 16. Rad1 Rff7 17. b3 b6 18. Rxd7 Rxd7 19. Be3 Bd6 20. f4 Kf7 21. Rf1 Ke6 22. f5+ Kf7 23. g4 h6 24. h4 Rd8 25. Rh1 Rh8 26. Bf2 Ke7 27. Rh3 Kf7 28. Rc3 c5 1-0

[Event "BUL-ch sf 80th"]
[Site "Plovdiv"]
[Date "2016.02.08"]
[Round "1"]
[White "Vutov, M Mario"]
[Black "Kichukov, Milko"]
[Result "1-0"]
[WhiteElo "2356"]
[BlackElo "1823"]
[PlyCount "75"]
[EventDate "2016.02.08"]
[EventType "swiss"]
[EventRounds "9"]
[EventCountry "BUL"]
[SourceTitle "CBM 170 Extra"]
[Source "ChessBase"]
[SourceDate "2016.02.25"]
[SourceVersion "1"]
[SourceVersionDate "2016.02.25"]
[SourceQuality "1"]

1. Nf3 d5 2. c4 c6 3. d4 Nf6 4. Qc2 g6 5. Nc3 Bg7 6. Bf4 Nbd7 7. e3 dxc4 8. Bxc4 0-0 9. 0-0 Nb6 10. Be2 Nbd5 11. Be5 Nh5 12. Rfd1 Nxc3 13. bxc3 f6 14. Bg3 Nxg3 15. hxg3 Qa5 16. Rab1 b6 17. e4 Be6 18. a4 Rac8 19. Nd2 Qg5 20. a5 b5 21. Nf3 Qh6 22. d5 cxd5 23. Nd4 Bd7 24. Bxb5 Bxb5 25. Rxb5 e5 26. Ne6 Rfe8 27. exd5 Bf8 28. Qb3 Bd6 29. c4 a6 30. Rb6 Bc5 31. Rxa6 Rb8 32. Qc2 Rec8 33. d6 Bd4 34. d7 Rd8 35. Rd6 Rb2 36. Qxb2 Bxb2 37. Nxd8 Qh5 38. Ne6 1-0

[Event "IBCA-ol blind 14th"]
[Site "Chennai"]
[Date "2012.08.18"]
[Round "8.4"]
[White "Mackowiak, Marek"]
[Black "Kichukov, Milko"]
[Result "1-0"]
[WhiteElo "2165"]
[BlackElo "1821"]
[PlyCount "120"]
[EventDate "2012.08.10"]
[EventType "team-swiss"]
[EventRounds "9"]
[EventCountry "IND"]
[SourceTitle "CBM 149 Extra"]
[Source "ChessBase"]
[SourceDate "2012.08.24"]
[SourceVersion "1"]
[SourceVersionDate "2012.08.24"]
[SourceQuality "1"]
[WhiteTeam "Poland"]
[BlackTeam "Bulgaria"]
[WhiteTeamCountry "POL"]
[BlackTeamCountry "BUL"]

1. Nf3 d5 2. d4 Nf6 3. c4 c6 4. Nc3 e6 5. e3 Bb4 6. Bd2 Nbd7 7. Be2 0-0 8. 0-0 Bxc3 9. Bxc3 Ne4 10. Bb4 Re8 11. Rc1 Ndf6 12. Ne5 a5 13. Be1 dxc4 14. Bxc4 Qb6 15. b3 Rd8 16. Qf3 a4 17. b4 Nd6 18. Bd3 a3 19. Qh3 h6 20. Qh4 Nf5 21. Qh3 Nd6 22. Qg3 Nf5 23. Qf3 Nd6 24. h3 Nd7 25. Ng4 f5 26. Nh2 Nf6 27. Qe2 Re8 28. Nf3 Nf7 29. Qc2 Qd8 30. Qb3 Nd5 31. Qb1 Ng5 32. Ne5 Qf6 33. Bd2 Nf7 34. Nxf7 Qxf7 35. f3 Qf6 36. Qa1 Qe7 37. Rb1 Bd7 38. e4 Nf6 39. Rbe1 Qd8 40. Qc3 Qb6 41. Be3 Qc7 42. Qd2 Kh7 43. Bf4 Qb6 44. Bb1 Rf8 45. Bc2 Ng8 46. Kh1 Nf6 47. Bd6 Rfe8 48. Rb1 Qd8 49. Rbe1 Bc8 50. Be5 Nd7 51. Bh2 Nf6 52. exf5 exf5 53. Rxe8 Nxe8 54. Re1 Nf6 55. Re5 g6 56. Qe1 Nd5 57. Bb3 Bd7 58. Bxd5 cxd5 59. Re7+ Kg8 60. Qe5 Qf8 1-0

[Event "IBCA-ol blind 14th"]
[Site "Chennai"]
[Date "2012.08.17"]
[Round "7.4"]
[White "Kichukov, Milko"]
[Black "Ganrav, G."]
[Result "1/2-1/2"]
[WhiteElo "1821"]
[BlackElo "1807"]
[PlyCount "125"]
[EventDate "2012.08.10"]
[EventType "team-swiss"]
[EventRounds "9"]
[EventCountry "IND"]
[SourceTitle "CBM 149 Extra"]
[Source "ChessBase"]
[SourceDate "2012.08.24"]
[SourceVersion "1"]
[SourceVersionDate "2012.08.24"]
[SourceQuality "1"]
[WhiteTeam "Bulgaria"]
[BlackTeam "India II"]
[WhiteTeamCountry "BUL"]
[BlackTeamCountry "IND"]

1. e4 e5 2. Bc4 Nf6 3. d4 exd4 4. Nf3 Nxe4 5. Qxd4 Nf6 6. Ne5 d5 7. Bb3 Be6 8. 0-0 Be7 9. c3 Nbd7 10. Nf3 0-0 11. Bc2 c6 12. Nbd2 Qc7 13. h3 Rfe8 14. Nb3 b6 15. Bf4 Bd6 16. Bxd6 Qxd6 17. Rfe1 Nc5 18. Qh4 Nxb3 19. axb3 h6 20. Rad1 Bd7 21. Qd4 Rxe1+ 22. Rxe1 Re8 23. Rxe8+ Bxe8 24. Nh4 Bd7 25. Qd3 Ne4 26. Nf3 Qg6 27. Ne1 Qf6 28. Qe2 Qe6 29. Nd3 Nc5 30. Qxe6 Nxe6 31. b4 f6 32. Bb3 Kf7 33. f4 Ke7 34. Kf2 Nd8 35. g4 Nf7 36. Kg3 Nd6 37. Nf2 Be6 38. f5 Bd7 39. Kf4 Bc8 40. Ke3 Ba6 41. h4 h5 42. Kf4 hxg4 43. Nxg4 Bd3 44. Ne3 Kd7 45. Bc2 Bxc2 46. Nxc2 c5 47. bxc5 bxc5 48. b4 Kc6 49. bxc5 Kxc5 50. Nd4 Kc4 51. Ne6 Ne8 52. h5 Kxc3 53. Nxg7 Nd6 54. h6 Nf7 55. h7 a5 56. Nh5 a4 57. Nxf6 d4 58. Ne4+ Kc2 59. Nd6 Nh8 60. f6 d3 61. f7 d2 62. Kg5 d1Q 63. f8Q 1/2-1/2